000 005030000a22001690004500
003 MACL
005 20160322121032.0
008 160322b xxu||||| |||| 00| 0 eng d
040 _aMACL
_cMACL
041 _aHindi
082 _a335
100 _aसिंह बैजनाथ
_948001
245 _aसहकारी समाज
260 _bसस्‍ता साहित्‍य मंडल
_c1959
_aनई दिल्‍ली
650 _aEconomics
_948002
942 _cHIN
_k335
_2ddc
999 _c25206
_d25206